| 000 | 00927cam a22003017a 4500 | ||
|---|---|---|---|
| 003 | CHAP | ||
| 005 | 20220329141942.0 | ||
| 008 | 980821d1997 mx r 00110 spa d | ||
| 010 | _a76184 | ||
| 011 | _a77156 | ||
| 020 | _a9686964762 | ||
| 035 | _a86759 | ||
| 040 | _cCHAP | ||
| 082 | 0 | 4 |
_a658.8 _bR4 |
| 100 | 0 | 0 |
_aRhoads, John B. _997146 |
| 245 | 1 | 0 |
_aMercado de valores para empresas medianas y pequeñas _c/por John B. Rhoads |
| 260 |
_aMéxico, D.F. : _bInstituto Mexicano de Ejecutivos de Finanzas, _c1997. |
||
| 300 |
_a137 p. : _bgráfs. ; cuadros |
||
| 590 |
_aBATCH-UPD _b10 _c20130110 _lUCH01 _h0651 |
||
| 590 |
_aCONVERSION _b10 _c20130109 _lUCH01 _h1342 |
||
| 650 | 1 | 4 |
_aEmpresas. _936635 |
| 650 | 1 | 4 |
_aMercadeo. _974880 |
| 650 | 1 | 4 |
_aValores. _9117671 |
| 901 | _aBK | ||
| 905 | _aGuadalupe Pinto C. | ||
| 942 | _cLIBRO | ||
| 949 |
_a658.8 R4 _bBC _cLIBRO _d33724000703377 _eLIBRO _gI.c/e _h93557 _i86759 _si _t$70.00 |
||
| 999 |
_c76184 _d76184 |
||